| 000 | 01783nam a2200325 i 4500 | ||
|---|---|---|---|
| 003 | DO-SdBNP | ||
| 005 | 20240515154533.0 | ||
| 007 | ta | ||
| 008 | 220517e2019 dr ao||er|||| 00| 0 spa d | ||
| 040 |
_aDO-SdBNP _bspa _cBNPHU _erda |
||
| 082 | 4 |
_222 _bT266r 2019 |
|
| 100 | 1 |
_aTejada Ortiz, Dagoberto, _d1940- _933526 _eautor |
|
| 245 | 1 | 0 |
_aReligiosidad popular y psiquiatría / _cDagoberto Tejada Ortíz, Fernando Sánchez Martínez, César Mella Mejías. |
| 250 | _a3a. edición. | ||
| 264 |
_aSanto Domingo : _bUniversitaria- UASD, _c2019 |
||
| 300 |
_a111 páginas : _bilustraciones, fotografías ; _c20 cm. |
||
| 336 |
_2rdacontent _atexto _btxt |
||
| 337 |
_2rdamedia _asin mediación _bn |
||
| 338 |
_2rdacarrier _avolumen _bnc |
||
| 500 | _aIncluye datos biografícos de los autores en la página 5 | ||
| 504 | _aBibliografía: páginas 79- 84, 109- 110. | ||
| 505 | 0 |
_aPrólogo a la tercera edición..-- Prólogo de la primera edición. _tI.- Fe, Ciencia y Psiquiatría.-- _tII.- Formación social dominicana y religisidad popular.-- _tIII.- La Filosofía africana y la religiosidad popular dominicana.-- _tIV.- La religiosidad popular y el vudú dominicano.-- _tV.- Vudú, Medcina popular y psiquiatría.-- _tVI.- Religiosidad popular, psiquiatría y sociedad.-- _tBibliografía consultada.-- _tEl culto a San Juan Bautista. Vudú y cimarronaje en República Dominicana.-- _tBibliografía consultada. |
|
| 590 | _aInventariado 2024 / MF | ||
| 650 | 4 |
_910916 _aVudú _zRepública Dominicana _xPsiquiatría Social |
|
| 650 | 4 |
_979474 _aCuración (Religión, Folclor, etc.) |
|
| 650 | 4 |
_979018 _aReligiosidad popular _vVodú _zRepública Dominicana |
|
| 700 | 1 |
_97183 _aSánchez, Martínez, Fernando _eautor |
|
| 700 | 1 |
_aMella Mejías, César _d1950- _9210 _eautor |
|
| 942 |
_2ddc _cLBS1 |
||
| 999 |
_c51739 _d51739 |
||